|
|
|
|
| LEADER |
00000nam0a2200000 4500 |
| 001 |
296627 |
| 005 |
20231102000927.0 |
| 020 |
|
|
|a RU
|b 84-37879
|
| 035 |
|
|
|a (RuTPU)RU\TPU\book\321735
|
| 090 |
|
|
|a 296627
|
| 100 |
|
|
|a 20150601d1984 km y0rusy5003 ca
|
| 101 |
0 |
|
|a rus
|
| 102 |
|
|
|a RU
|
| 105 |
|
|
|a y z 001zy
|
| 200 |
1 |
|
|a Теория и практика развития социалистических наций
|f Ленинградский государственный университет (ЛГУ) ; под ред. Т. Ю. Бурмистровой
|
| 210 |
|
|
|a Ленинград
|c Изд-во ЛГУ
|d 1984
|
| 215 |
|
|
|a 176 с.
|
| 320 |
|
|
|a Библиография в примечаниях
|
| 606 |
1 |
|
|a Многонациональное Советское государство
|2 stltpush
|3 (RuTPU)RU\TPU\subj\44151
|9 63523
|
| 606 |
1 |
|
|a Классы и нации
|x Социальная философия
|2 stltpush
|3 (RuTPU)RU\TPU\subj\14484
|9 40864
|
| 610 |
1 |
|
|a социалистические нации
|
| 610 |
1 |
|
|a развитие
|
| 610 |
1 |
|
|a теория
|
| 610 |
1 |
|
|a практика
|
| 610 |
1 |
|
|a советский народ
|
| 610 |
1 |
|
|a духовное развитие
|
| 610 |
1 |
|
|a идеология
|
| 610 |
1 |
|
|a буржуазная критика
|
| 686 |
|
|
|a Ф5(2)
|v LBC/SL-A
|2 rubbk
|
| 686 |
|
|
|a Ю64
|v LBC/SL-A
|2 rubbk
|
| 702 |
|
1 |
|a Бурмистрова
|b Т. Ю.
|4 340
|
| 712 |
0 |
2 |
|a Ленинградский государственный университет (ЛГУ)
|c (1924-1991)
|2 stltpush
|3 (RuTPU)RU\TPU\col\77
|
| 801 |
|
0 |
|a RU
|b RuMRKP
|c 19950704
|g psbo
|
| 801 |
|
1 |
|a RU
|b 63413507
|c 20150601
|
| 801 |
|
2 |
|a RU
|b 63413507
|c 20170726
|g RCR
|
| 942 |
|
|
|c BK
|